Ibsen / (Record no. 144781)

MARC details
000 -LEADER
campo de control de longitud fija 00622nam a2200193 i 4500
001 - NÚMERO DE CONTROL
campo de control 144781
003 - IDENTIFICADOR DE NÚMERO DE CONTROL
campo de control ES-MaACL
005 - FECHA Y HORA DE LA ÚLTIMA TRANSACCIÓN
campo de control 20251108164915.0
007 - CAMPO FIJO DE DESCRIPCIÓN FÍSICA--INFORMACIÓN GENERAL
campo de control de longitud fija t|
008 - DATOS DE LONGITUD FIJA--INFORMACIÓN GENERAL
campo de control de longitud fija 070214s1916 it r ||||1| ita d
100 1# - ENTRADA PRINCIPAL--NOMBRE DE PERSONA
Nombre de persona Slataper, Scipio.
9 (RLIN) 106766
245 10 - MENCIÓN DEL TÍTULO
Título Ibsen /
Mención de responsabilidad, etc. Scipio Slataper ; con un cenno su Scipio Slataper di Arturo Farinelli.
260 ## - PUBLICACIÓN, DISTRIBUCIÓN, ETC.
Lugar de publicación, distribución, etc. Torino :
Nombre del editor, distribuidor, etc. Fratelli Bocca,
Fecha de publicación, distribución, etc. 1916 (
Fabricante Vincenzo Bona)
300 ## - DESCRIPCIÓN FÍSICA
Extensión XXV, 331 p. ;
Dimensiones 20 x 13 cm.
600 14 - PUNTO DE ACCESO ADICIONAL DE MATERIA--NOMBRE DE PERSONA
Nombre de persona Ibsen, Henrik,
Fechas asociadas al nombre 1828-1906
9 (RLIN) 65031
700 1# - ENTRADA AGREGADA--NOMBRE PERSONAL
Nombre de persona Farinelli, Arturo,
Fechas asociadas al nombre 1867-1948
9 (RLIN) 48861
852 ## - LOCALIZACIÓN
Ubicación ES-MaACL
Número de control de estantería F-4073
Holdings
Estatus retirado Estado de pérdida Estado de daño No para préstamo Biblioteca de origen Biblioteca actual Ubicación en estantería Fecha de adquisición Fuente de adquisición Total de préstamos Signatura topográfica completa Código de barras Visto por última vez Precio de reemplazo Tipo de ítem Koha
        Biblioteca del Ateneo de Madrid Biblioteca del Ateneo de Madrid Depósito 2 17/01/2008     F-4073 1150995 23/02/2023 23/02/2023 Libro impreso